000 00398nam a2200145Ia 4500
008 230917s9999||||xx |||||||||||||| ||und||
040 _e165717
_aMAIN
041 _aEnglish
082 _a660.60243637 E89E
100 _aOlguin, Eugenia J, ed.
245 0 _aEnvironmental biotechnology and cleaner bioprocesses
260 _aLondon
_bTaylor & Francis
_c2000
300 _axx, 319 p.
942 _cBK
999 _c139100
_d139100